[Event "Goch op 26th"]
[Site "Goch"]
[Date "2015.09.06"]
[Round "6"]
[White "Schaefers, Bernd"]
[Black "Guenther, Lars"]
[Result "0-1"]
[WhiteElo "1890"]
[BlackElo "2086"]
[PlyCount "116"]
[EventDate "2015.09.03"]
[EventType "swiss"]
[EventRounds "7"]
[EventCountry "GER"]
[SourceTitle "EXT 2018"]
[Source "ChessBase"]
[SourceDate "2017.10.13"]
[SourceVersion "1"]
[SourceVersionDate "2017.10.13"]
[SourceQuality "1"]

1. e4 Nf6 2. Nc3 d5 3. exd5 Nxd5 4. d4 Bf5 5. Nxd5 Qxd5 6. c3 c5 7. Be3 cxd4 8. Qxd4 Qxd4 9. Bxd4 Nc6 10. Be3 e5 11. Nf3 f6 12. Be2 0-0-0 13. 0-0 b6 14. Rfd1 Bc5 15. Bxc5 bxc5 16. Ne1 Kc7 17. h4 Kb6 18. b3 h6 19. Nd3 Bxd3 20. Bxd3 Rd6 21. Kf1 Rhd8 22. Ke2 Ne7 23. Bc2 Nd5 24. Kf3 Nxc3 25. Rxd6+ Rxd6 26. Ke3 Nd5+ 27. Kf3 Nb4 28. Bh7 Rd2 29. a3 Nc2 30. Bxc2 Rxc2 31. Rb1 Ra2 32. a4 Rd2 33. Ke3 Rd4 34. g3 h5 35. f3 f5 36. f4 e4 37. Rc1 Rd3+ 38. Kf2 Rxb3 39. a5+ Kb5 40. a6 c4 41. Rd1 Rd3 42. Rb1+ Kxa6 43. Rb8 Rd6 44. Rc8 Kb5 45. Rc7 g6 46. Rxa7 c3 47. Rc7 Kb4 48. Rb7+ Ka3 49. Ke2 c2 50. Rc7 Kb2 51. Rb7+ Kc1 52. Rb8 Rd2+ 53. Ke1 Rg2 54. Rb3 Rd2 55. Rb6 Rd3 56. Rxg6 Re3+ 57. Kf2 Rb3 58. Ke2 Kb2 0-1

[Event "Goch op 25th"]
[Site "Goch"]
[Date "2014.09.05"]
[Round "2"]
[White "Wraga, Hermann"]
[Black "Schaefers, Bernd"]
[Result "0-1"]
[WhiteElo "1592"]
[BlackElo "1879"]
[PlyCount "56"]
[EventDate "2014.09.04"]
[EventType "swiss"]
[EventRounds "7"]
[EventCountry "GER"]
[SourceTitle "EXT 2016"]
[Source "ChessBase"]
[SourceDate "2015.10.08"]
[SourceVersion "1"]
[SourceVersionDate "2015.10.08"]
[SourceQuality "1"]

1. e4 c5 2. d3 Nc6 3. g3 Nf6 4. Bg2 e6 5. Nf3 Be7 6. 0-0 0-0 7. Re1 Qb6 8. h3 e5 9. Nbd2 Qc7 10. c3 d6 11. Nc4 b5 12. Ne3 Rd8 13. Qc2 h6 14. Bd2 a5 15. Red1 Be6 16. Be1 Rac8 17. Kh2 d5 18. exd5 Nxd5 19. Nxd5 Bxd5 20. Qe2 Bd6 21. Nh4 Bxg2 22. Kxg2 Ne7 23. Qe4 Qd7 24. g4 Bb8 25. Kf1 Rc6 26. Rd2 Nd5 27. Ng2 Nf6 28. Nh4 Nxe4 0-1

[Event "Goch op 22nd"]
[Site "Goch"]
[Date "2011.10.02"]
[Round "7"]
[White "Schaefers, Bernd"]
[Black "Kuhn, Andreas2"]
[Result "1-0"]
[WhiteElo "1779"]
[BlackElo "1956"]
[PlyCount "49"]
[EventDate "2011.09.29"]
[EventType "swiss"]
[EventRounds "7"]
[EventCountry "GER"]
[SourceTitle "EXT 2014"]
[Source "ChessBase"]
[SourceDate "2013.11.20"]
[SourceVersion "1"]
[SourceVersionDate "2013.11.20"]
[SourceQuality "1"]

1. e4 d6 2. d4 Nf6 3. Bd3 e5 4. c3 Nc6 5. Ne2 g6 6. d5 Nb8 7. h3 Bg7 8. 0-0 0-0 9. Be3 Nbd7 10. b4 a5 11. Nd2 axb4 12. cxb4 c6 13. dxc6 bxc6 14. Qc2 Ba6 15. Rfc1 d5 16. a4 Bxd3 17. Qxd3 d4 18. Bg5 Qb6 19. Rcb1 Nxe4 20. Nxe4 f5 21. Qb3+ Kh8 22. Nd6 h6 23. Be7 Rg8 24. Qf7 d3 25. Qxg6 1-0

[Event "Nettetal op"]
[Site "Nettetal"]
[Date "2010.07.03"]
[Round "1"]
[White "Gross, Karl"]
[Black "Schaefers, Bernd"]
[Result "0-1"]
[WhiteElo "2118"]
[BlackElo "1787"]
[PlyCount "82"]
[EventDate "2010.07.03"]
[EventType "swiss"]
[EventRounds "9"]
[EventCountry "GER"]
[SourceTitle "CBM 137 Extra"]
[Source "ChessBase"]
[SourceDate "2010.09.01"]
[SourceVersion "1"]
[SourceVersionDate "2010.09.01"]
[SourceQuality "1"]

1. e4 e6 2. Nf3 c5 3. b4 Nf6 4. e5 Nd5 5. bxc5 Bxc5 6. Bc4 Nb6 7. Bb3 d5 8. d4 Be7 9. 0-0 0-0 10. c3 Nc6 11. Qd3 g6 12. Bh6 Re8 13. Nbd2 Bd7 14. Qe3 Rc8 15. Rfc1 Na5 16. Qf4 f6 17. exf6 Bxf6 18. Ne5 Bxe5 19. Qxe5 Qe7 20. Nf3 Nac4 21. Qg3 Nd6 22. Bc2 Nf5 23. Bxf5 exf5 24. Re1 Qf6 25. Ne5 Re6 26. h4 Rce8 27. Kh2 Bc6 28. f4 Nc4 29. Bg5 Qg7 30. Nxc4 dxc4 31. Rxe6 Rxe6 32. d5 Bxd5 33. Rd1 Bc6 34. Rd8+ Be8 35. Qf3 Re4 36. Qd1 h6 37. Qd5+ Kh7 38. Rxe8 Rxe8 39. Bd8 Re4 40. Qd6 Qf7 41. Bf6 Re6 0-1